000 01257nam0a22002651 4500
001 rc\3451436
005 20260407114321.0
021 _aRU
_bРг6565-71
021 _aRU
_b70-82767
035 _a(NLR Aleph) 007881270
090 _a7919320
_c7919320
100 _a20130115d1970 |||y0rusy50 ca
101 0 _arus
102 _aRU
105 _ay z |||||
200 1 _aОпыт работы народного киноуниверситета "Кино - искусство XX века" Дома культуры им. Жданова по коммунистическому воспитанию трудящихся
_fНовосиб. обл. совет профсоюзов
210 _aНовосибирск
_cБ. и.
_d1970
215 _a9 с.
_d21
532 1 3 _aОпыт работы народного киноуниверситета Кино - искусство XX века Дома культуры им. Жданова по коммунистическому воспитанию трудящихся
712 0 2 _aНовосибирский областной совет профсоюзов
_9634271
_3RU\NLR\AUTH\8810066326
801 0 _aRU
_bNLR
_gpsbo
801 1 _aRU
_bELAR
_2rusmarc
852 _aNLR
_j71-4/8939
942 _cBOOK
980 _aNB